000 00924nam a2200229Ia 4500
001 23826
003 GE_BSU
008 181216s||||||||xx |||||||||||||| ||und||
040 _cGE_BSU
080 _a94(479.22)+33(479.22)
100 _aჯავახიშვილი, ი.
245 _aსაქართველოს ეკონომიური ისტორია. წ. 1.
250 _aმე-2 ახლად დაწერილი გამოცემა 21 სურათით და 1 რუკით.
260 _aტფილისი
260 _bქართული წიგნი
260 _c1930
300 _aგვ.428. 24სმ.
541 _h3 ლ.
653 _aსაქართველოს ეკონომიკის ისტორია
653 _aსაქართველოს ეკონომიური ისტორია. წ. 1.
942 _cBK
999 _c56704
_d56704